| 000 | 00480nam a2200205Ia 4500 | ||
|---|---|---|---|
| 003 | 0100 | ||
| 008 | 130303s9999 xx 000 0 und d | ||
| 040 | _cARRUPELIB | ||
| 050 | _aP29.O7 1993 | ||
| 100 | _aO'Grady, William | ||
| 245 | _aContemporary Linguistics | ||
| 245 | _bAn Introduction | ||
| 250 | _asecond edition | ||
| 260 | _aNY | ||
| 260 | _bST. Martin's Press | ||
| 260 | _C1993 | ||
| 300 | _a620p | ||
| 700 | _aDobrovolsky, MichaelAronoff, Mark | ||
| 942 | 0 | 0 | _02 |
| 999 |
_c18948 _d18948 |
||